000
00222nam a2200097Ia 4500
008
190216s9999||||xx |||||||||||||| ||und||
100
_a
Sadee Devi
245
0
_a
Hindi-Vyavaharik Hindi
260
_b
S Chand & Co
942
_c
BK
999
_c
15391
_d
15391